=LDR 00000nam 2200000 4500 =001 INLIS000000000054673 =005 20200219082236 =035 ##$$a 0010-0220000235 =007 ta =008 200219###########################0#ind## =020 ##$$a 978-602-7820-87-6 =082 ##$$a 297.99 =084 ##$$a 297.99 Anw j =245 1#$$a Jejak kisah Pengukir sejarah /$c M.Anwar Djaelani =300 ##$$a 304 halaman : $b Ilustrasi ; $c 20 Cm. =650 #4$$a Islam - sejarah =700 #$$a Penyunting : Irin Hidayat =504 ##$$a bibliografi : halaman 295 - 299 =264 ##$$a Yogyakarta :$b Pro-U-Media,$c 2018 =336 ##$$a teks$2 rdacontent =337 ##$$a lain-lain$2 rdamedia =338 ##$$a lain-lain$2 rdacarrier =990 ##$$a 05550555 =990 ##$$a 05550555